000 00707nam a2200205 i 4500
001 95557
003 ES-MaACL
005 20230906181730.0
007 t|
008 050531s1929 sp ||||1| spa d
100 1 _aLleó Silvestre, Antonio.
_972756
245 1 4 _aLas realidades, las posibilidades y las necesidades forestales de España /
_cpor Antonio Lleó Silvestre.
260 _aMadrid :
_bPueyo,
_c1929.
300 _a313 p., 1 lám., 1 map. pleg. ;
_c19 cm.
490 1 _aEstudios políticos, sociales y económicos ;
_v6
650 4 _aBosques-
_zEspaña.
_910608
830 0 _aEstudios políticos, sociales y económicos ;
_v6
_9186367
852 _aES-MaACL
_jB-13622
999 _c95557
_d95557